Osservazioni di varj letterati sopra i drammi dell'abbate Pietro Metastasio (Record no. 161138)

MARC details
000 -LEADER
campo de control de longitud fija 00652nam a22001815i 4500
001 - NÚMERO DE CONTROL
campo de control 161138
003 - IDENTIFICADOR DE NÚMERO DE CONTROL
campo de control ES-MaACL
005 - FECHA Y HORA DE LA ÚLTIMA TRANSACCIÓN
campo de control 20250511131029.0
008 - DATOS DE LONGITUD FIJA--INFORMACIÓN GENERAL
campo de control de longitud fija 041018s1785 fr |||| | ita d
040 ## - FUENTE DE CATALOGACIÓN
Centro catalogador/agencia de origen CAM
Lengua de catalogación spa
Centro/agencia transcriptor CAM
245 00 - MENCIÓN DEL TÍTULO
Título Osservazioni di varj letterati sopra i drammi dell'abbate Pietro Metastasio
Resto del título : tomo primo.
260 ## - PUBLICACIÓN, DISTRIBUCIÓN, ETC.
Lugar de publicación, distribución, etc. In Nizza :
Nombre del editor, distribuidor, etc. presso la Societá Tipografica,
Fecha de publicación, distribución, etc. 1785.
300 ## - DESCRIPCIÓN FÍSICA
Extensión [2], 333 p. ;
Dimensiones 12º.
597 ## - NOTA DE DESCRIPCIÓN FÍSICA
NOTA DE DESCRIPCIÓN FÍSICA Sign.: []1, A-N12, O11.
600 14 - PUNTO DE ACCESO ADICIONAL DE MATERIA--NOMBRE DE PERSONA
Nombre de persona Metastasio, Pietro,
Fechas asociadas al nombre 1698-1782
9 (RLIN) 80719
852 ## - LOCALIZACIÓN
Ubicación ES-MaACL
Número de control de estantería R-497-98
Nota libre -- Enc. pasta española con hierros dorados
Encuadernación Olim: F-2923-24
Holdings
Estatus retirado Estado de pérdida Estado de daño No para préstamo Colección Biblioteca de origen Biblioteca actual Ubicación en estantería Fecha de adquisición Total de préstamos Signatura topográfica completa Código de barras Visto por última vez Precio de reemplazo Tipo de ítem Koha
        Libros del s. XVIII Biblioteca del Ateneo de Madrid Biblioteca del Ateneo de Madrid Depósito 17/01/2008   R-497-98 1168777 23/02/2023 23/02/2023 Libro impreso antiguo